FC Porto, Benfica or Sporting players (2000-) - Statistics

General Stats
  • This quiz has been taken 14 times
  • The average score is 235 of 904
Answer Stats
Ranking Player Positions Nationality Matches Goals (assists) Periods Clubs % Correct
848 André Luis CB 1 0 (0) 2004-2005
100%
442 Diogo Luís LB 26 0 (0) 2000-2002
100%
690 Éder Luís RW 7 1 (0) 2009-2010
100%
552 Miguel Luís CM 16 2 (0) 2018-2020
100%
6 Nicolás Otamendi CB 304 19 (11) 2010-2013, 2020-2025
100%
14 Pepe CB 250 17 (9) 2004-2006, 2018-2024
100%
53 Pepê RW 159 18 (24) 2021-2025
100%
2 Rui Patrício GK 403 0 (2) 2006-2018
100%
441 Zé Luís ST 26 7 (1) 2019-2021
100%
30 Adrien Silva CM 199 36 (14) 2007-2009, 2012-2018
93%
37 Ángel Di María RW 176 35 (47) 2007-2009, 2023-2025
93%
282 Armando Sá RB 53 1 (6) 2001-2004
93%
256 Eduardo Quaresma CB 60 2 (0) 2019-2020, 2023-2025
93%
4 João Moutinho CM 324 30 (53) 2004-2013
93%
513 José Sá GK 20 0 (0) 2016-2018
93%
3 Maxi Pereira RB 394 23 (60) 2007-2019
93%
821 Orlando Sá ST 2 0 (0) 2009-2010
93%
11 Rafa Silva CF 265 78 (67) 2016-2024
93%
12 Ricardo Quaresma RW 264 52 (69) 2001-2002, 2004-2007, 2013-2015
93%
7 Helton GK 303 0 (1) 2005-2016
86%
72 Iker Casillas GK 145 0 (1) 2015-2019
86%
25 Jardel CB 213 13 (11) 2010-2021
86%
274 Jardel ST 55 59 (9) 2001-2003
86%
21 João Mário LW 229 46 (38) 2011-2012, 2014-2016, 2020-2025
86%
69 João Mário RB 147 5 (18) 2019-2025
86%
24 Lucho González CM 214 52 (32) 2005-2008, 2011-2014
86%
1 Luisão CB 454 36 (16) 2003-2018
86%
42 William Carvalho DM 170 10 (11) 2010-2011, 2013-2018
86%
13 André Almeida RB 251 9 (38) 2011-2022
79%
207 André André CM 78 5 (11) 2015-2018
79%
297 André Silva ST 49 21 (10) 2015-2017
79%
124 António Silva CB 112 8 (3) 2022-2025
79%
855 Bernardo Silva AM 1 0 (0) 2013-2014
79%
745 Dani LW 5 0 (0) 2000-2001
79%
565 Fábio Silva ST 15 1 (0) 2019-2020
79%
896 Francisco Silva GK 1 0 (0) 2023-2024
79%
380 Jonathan Silva LB 33 2 (3) 2014-2015, 2017-2018
79%
86 Jorge Costa CB 133 7 (2) 2000-2005
79%
831 José Silva RB 1 0 (0) 2024-2025
79%
50 Maniche CM 162 24 (11) 2000-2001, 2002-2004, 2010-2011
79%
789 Manu Silva DM 3 0 (1) 2024-2025
79%
295 Mário Silva LB 50 1 (3) 2001-2004
79%
20 Otávio AM 231 23 (59) 2016-2024
79%
338 Otávio CB 39 2 (2) 2023-2025
79%
408 Pedro Silva RB 30 1 (3) 2007-2010
79%
153 Ricardo Carvalho CB 100 4 (0) 2001-2004
79%
162 Ricardo Costa CB 93 5 (0) 2001-2007
79%
492 Ricardo Silva CB 21 3 (0) 2000-2002
79%
266 Rui Costa AM 56 5 (11) 2006-2008
79%
524 Rui Silva GK 19 0 (0) 2024-2025
79%
5 Sebastián Coates CB 316 29 (7) 2015-2024
79%
376 Silva ST 33 5 (2) 2003-2004, 2005-2006
79%
881 Tomás Silva RB 1 0 (0) 2020-2021
79%
669 Vítor Silva AM 8 0 (1) 2013-2014
79%
530 Abdoulaye Ba CB 18 0 (0) 2012-2014
71%
71 Abel Ferreira RB 146 4 (14) 2005-2011
71%
208 Alan Varela DM 78 2 (5) 2023-2025
71%
557 Alex RB 15 0 (1) 2003-2004
71%
51 Alex Telles LB 161 23 (48) 2016-2021
71%
381 Bruno Costa CM 33 0 (1) 2017-2019, 2021-2023
71%
401 Bruno Varela GK 31 0 (0) 2017-2018
71%
316 Cândido Costa RW 44 3 (1) 2000-2003
71%
701 Cláudio Ramos GK 6 0 (0) 2021-2025
71%
108 Danilo CB 119 12 (14) 2011-2015
71%
40 Danilo Pereira CB 173 16 (7) 2015-2021
71%
47 Deco AM 165 36 (78) 2000-2004
71%
41 Diogo Costa GK 172 0 (1) 2019-2025
71%
150 Fábio Vieira AM 100 14 (23) 2019-2021, 2024-2025
71%
901 Gustavo Varela ST 1 0 (0) 2023-2024
71%
27 Héctor Herrera DM 208 32 (26) 2013-2019
71%
320 Hugo Almeida ST 43 5 (2) 2003-2006
71%
112 Jackson Martínez ST 117 80 (12) 2012-2015
71%
170 James Rodríguez AM 90 28 (37) 2010-2013
71%
18 Jesús Corona RW 240 27 (55) 2015-2022
71%
384 João Félix CF 33 18 (10) 2018-2019
71%
59 Jonas CF 153 114 (36) 2014-2019
71%
586 Juan Antonio Pizzi ST 14 3 (0) 2000-2001
71%
17 Nuno Gomes ST 241 77 (28) 2002-2011
71%
334 Nuno Mendes LB 40 1 (1) 2019-2022
71%
605 Paulo Almeida DM 12 0 (0) 2004-2005
71%
628 Paulo Costa RW 11 0 (0) 2001-2002
71%
179 Paulo Ferreira RB 87 0 (4) 2002-2004
71%
871 Pedro Nuno CM 1 0 (0) 2001-2002
71%
8 Pizzi AM 291 76 (76) 2014-2022
71%
219 Radamel Falcao ST 73 62 (14) 2009-2012
71%
288 Tomás Costa DM 53 2 (4) 2008-2010
71%
34 Varela LW 192 39 (23) 2005-2006, 2009-2013, 2015-2017
71%
650 William Gomes LW 9 0 (0) 2024-2025
71%
36 Yacine Brahimi LW 185 47 (35) 2014-2019
71%
365 Adrián López ST 35 3 (3) 2014-2015, 2016-2017, 2018-2019
64%
157 Álvaro Pereira LB 99 2 (15) 2009-2012
64%
633 André Felipe ST 10 1 (1) 2016-2017
64%
428 André Gomes CM 28 2 (0) 2012-2014
64%
391 Arthur Gomes LW 32 3 (2) 2022-2023
64%
439 Cristiano Ronaldo ST 27 3 (6) 2002-2003
64%
111 Felipe CB 118 8 (6) 2016-2019
64%
778 Francisco Ramos DM 3 0 (0) 2015-2016
64%
189 Gonçalo Ramos ST 83 34 (8) 2019-2023
64%
80 Hulk ST 140 65 (55) 2008-2013
64%
23 Iván Marcano CB 217 25 (4) 2014-2017, 2019-2025
64%
663 João Carvalho AM 8 0 (1) 2017-2018
64%
814 João Ferreira RB 2 0 (1) 2020-2021
64%
717 João Mendes LB 6 0 (1) 2021-2022, 2023-2024
64%
33 João Pereira RB 194 8 (12) 2003-2005, 2009-2011, 2015-2016, 2020-2021
64%
10 Liedson ST 269 141 (36) 2003-2010, 2012-2013
64%
367 Marco Ferreira RW 35 3 (1) 2002-2003, 2005-2006
64%
345 Maxi Araújo LM 38 4 (7) 2024-2025
64%
60 Mehdi Taremi ST 151 75 (47) 2020-2024
64%
52 Moussa Marega ST 159 61 (30) 2015-2016, 2017-2021
64%
26 Nico Gaitán AM 211 33 (73) 2010-2016
64%
413 Nuno Espírito Santo GK 30 0 (0) 2002-2004, 2007-2009
64%
827 Nuno Félix DM 2 0 (0) 2024-2025
64%
31 Odysseas Vlachodimos GK 196 0 (0) 2018-2024
64%
99 Óliver Torres CM 122 12 (15) 2014-2015, 2016-2019
64%
16 Óscar Cardozo ST 245 144 (30) 2007-2014
64%
257 Pedro Mendes CM 60 2 (4) 2003-2004, 2009-2011
64%
611 Pedro Mendes ST 12 1 (0) 2019-2020
64%
791 Pedro Mendes CB 3 0 (0) 2012-2013
64%
63 Ricardo GK 150 0 (1) 2003-2007
64%
447 Ronaldo CB 26 1 (1) 2000-2001
64%
28 Simão LW 208 87 (50) 2001-2007
64%
283 Tiago Ferreira GK 53 0 (0) 2001-2002, 2006-2008, 2010-2012
64%
190 Tiago Mendes CM 83 22 (6) 2001-2004
64%
188 Viktor Gyökeres ST 83 79 (19) 2023-2025
64%
762 Zé Gomes ST 4 0 (0) 2016-2017
64%
350 Zé Pedro CB 37 2 (0) 2023-2025
64%
15 Alejandro Grimaldo LB 250 24 (62) 2015-2023
57%
119 Alex Sandro LB 114 3 (12) 2011-2016
57%
581 André Pereira ST 14 1 (1) 2017-2019
57%
134 Bruno Fernandes AM 108 51 (38) 2017-2020
57%
196 Cédric Soares RB 81 2 (11) 2010-2011, 2012-2015
57%
126 Chancel Mbemba CB 111 5 (1) 2018-2022
57%
70 Costinha DM 147 16 (7) 2001-2005
57%
87 Cristian Rodríguez LM 132 20 (16) 2007-2012
57%
602 Dyego Sousa ST 12 0 (2) 2019-2020
57%
489 Enzo Fernández CM 22 1 (7) 2022-2023
57%
310 Gedson Fernandes CM 46 1 (5) 2018-2019, 2021-2022
57%
622 Gelson Fernandes DM 11 0 (0) 2012-2013
57%
38 Gonçalo Inácio CB 176 15 (11) 2020-2025
57%
828 Gonçalo Sousa RW 1 0 (0) 2023-2024
57%
62 Haris Seferovic ST 150 62 (19) 2017-2022
57%
19 Hélder Postiga ST 240 57 (25) 2001-2002, 2004-2012
57%
770 Joelson Fernandes LW 4 0 (0) 2019-2020
57%
84 Lisandro López ST 134 62 (22) 2005-2009
57%
331 Lisandro López CB 40 4 (2) 2014-2018
57%
184 Manuel Fernandes AM 85 4 (4) 2003-2006
57%
164 Mariano González RW 92 8 (12) 2007-2011
57%
374 Martim Fernandes RB 34 0 (7) 2023-2025
57%
695 Mateus Fernandes CM 7 0 (0) 2022-2025
57%
512 Matheus Pereira AM 20 4 (3) 2015-2017
57%
568 Nélson Oliveira ST 15 1 (2) 2011-2012, 2014-2015
57%
276 Nico González CM 55 8 (7) 2023-2025
57%
230 Paulo Oliveira CB 71 1 (0) 2014-2017
57%
865 Pedro Pereira RB 1 0 (0) 2016-2017
57%
468 Ricardo Fernandes AM 24 2 (2) 2002-2004
57%
261 Ricardo Pereira RB 58 4 (8) 2013-2014, 2017-2018
57%
768 Rodrigo Fernandes DM 4 0 (0) 2019-2020
57%
639 Rui Pedro AM 10 2 (0) 2016-2017
57%
91 Sérgio Oliveira CM 129 32 (15) 2015-2022
57%
127 Toni Martínez ST 111 21 (5) 2020-2025
57%
567 Vasco Sousa CM 15 0 (0) 2022-2023, 2024-2025
57%
303 Vitinha CM 48 2 (4) 2019-2020, 2021-2022
57%
637 Alberto Rodríguez CB 10 0 (0) 2011-2012
50%
178 André Martins CM 87 3 (8) 2011-2016
50%
818 Andrés Fernández GK 2 0 (0) 2014-2015
50%
78 Antonio Adán GK 142 0 (2) 2020-2024
50%
799 Bruno CM 2 0 (0) 2002-2003
50%
56 Bruno Alves CB 156 16 (9) 2005-2010
50%
904 Bruno Vale GK 1 0 (0) 2003-2004
50%
29 Carlos Martins AM 199 15 (24) 2000-2001, 2002-2006, 2008-2010, 2012-2013
50%
733 César Martins CB 5 0 (0) 2014-2015
50%
218 Darwin Núñez ST 74 43 (15) 2020-2022
50%
506 Deniz Gül ST 20 2 (0) 2024-2025
50%
364 Diogo Jota ST 35 9 (7) 2016-2017
50%
813 Edgar Bruno ST 2 0 (0) 2007-2008
50%
469 Eduardo AM 23 4 (4) 2013-2014
50%
866 Eduardo GK 1 0 (0) 2011-2012
50%
22 Eduardo Salvio RW 223 48 (47) 2010-2011, 2012-2019
50%
382 Émerson Conceição LB 33 0 (0) 2011-2012
50%
128 Fábio Coentrão LB 111 6 (18) 2007-2008, 2009-2010, 2017-2018
50%
205 Francisco Conceição RW 79 8 (8) 2020-2021, 2023-2024
50%
114 Gelson Martins RW 115 21 (22) 2015-2018
50%
627 Henrique Araújo ST 11 4 (0) 2021-2023
50%
92 João Pinto CF 129 29 (23) 2000-2004
50%
860 Jonathan Rodríguez ST 1 0 (0) 2014-2015
50%
868 Jorge LB 1 0 (0) 2018-2019
50%
826 José Luis Fernández CM 2 0 (0) 2010-2011
50%
149 Luis Díaz LW 100 33 (16) 2019-2022
50%
730 Luís Martins LB 5 0 (0) 2011-2012
50%
66 Maicon CB 149 12 (6) 2009-2016
50%
167 Matías Fernández AM 91 18 (13) 2009-2012
50%
333 Miguel Lopes RB 40 1 (8) 2009-2010, 2012-2013, 2014-2015
50%
195 Nemanja Matic DM 82 8 (0) 2011-2014
50%
48 Nuno Santos LB 163 28 (35) 2015-2016, 2020-2025
50%
836 Nuno Santos GK 1 0 (0) 2002-2003
50%
79 Pablo Aimar AM 141 15 (38) 2008-2013
50%
525 Paulo Jorge RW 19 1 (2) 2006-2007
50%
731 Paulo Lopes GK 5 0 (0) 2013-2017
50%
535 Rodrigo Conceição RB 18 0 (0) 2022-2023
50%
435 Rodrigo Mora AM 28 10 (4) 2024-2025
50%
898 Rodrigo Mora ST 1 0 (0) 2011-2012
50%
65 Rolando CB 149 11 (5) 2008-2013
50%
54 Rui Jorge LB 158 1 (9) 2000-2005
50%
670 Samuel Soares GK 8 0 (0) 2022-2025
50%
629 Sérgio Conceição RW 11 0 (2) 2003-2004
50%
120 Tiquinho Soares ST 113 50 (12) 2016-2020
50%
262 Tomás Araújo CB 58 2 (2) 2021-2022, 2023-2025
50%
143 Vincent Aboubakar ST 103 49 (13) 2014-2015, 2017-2020
50%
44 Vítor Baía GK 167 0 (1) 2001-2007
50%
517 Wilson Eduardo LW 20 3 (4) 2013-2014
50%
277 Adriano ST 54 19 (7) 2005-2008
43%
341 Alan RW 38 2 (1) 2005-2007
43%
187 Anatoliy Trubin GK 84 0 (0) 2023-2025
43%
243 Anderson CB 65 5 (0) 2005-2007
43%
498 Anderson CM 21 2 (5) 2005-2007
43%
58 Andreas Samaris DM 156 5 (9) 2014-2021
43%
232 André Cruz CB 70 7 (7) 2000-2002
43%
883 Andrés Díaz RM 1 0 (0) 2007-2008
43%
46 Beto CB 165 14 (3) 2000-2006
43%
326 Beto CM 41 1 (2) 2005-2007
43%
551 Beto GK 16 0 (0) 2009-2010, 2016-2017
43%
81 Bosingwa RB 137 3 (7) 2003-2008
43%
728 Cristian Uribe CM 5 0 (0) 2000-2001
43%
135 David Luiz CB 108 5 (9) 2006-2011
43%
83 Derlei ST 135 46 (21) 2002-2004, 2006-2009
43%
258 Diego AM 59 6 (1) 2004-2006
43%
343 Éder Militão CB 38 5 (4) 2018-2019
43%
702 Felipe Anderson RW 6 0 (0) 2020-2021
43%
538 Fernando Andrade LW 17 1 (3) 2018-2019, 2021-2022
43%
93 Francisco Trincão RW 128 30 (27) 2022-2025
43%
518 Gabriel Veron RW 20 0 (3) 2022-2023
43%
185 Gilberto RB 84 5 (8) 2020-2023
43%
138 Javi García DM 107 9 (3) 2009-2013
43%
426 João Alves CM 28 1 (1) 2005-2007
43%
847 João Cancelo RB 1 0 (0) 2013-2014
43%
244 João Neves DM, CM 65 4 (3) 2022-2024
43%
237 Jorge Andrade CB 68 3 (2) 2000-2002
43%
438 Jota LW 27 0 (2) 2018-2020
43%
533 Luís Andrade DM 18 0 (0) 2001-2003
43%
193 Matheus Nunes CM 82 7 (7) 2019-2023
43%
43 Matheus Reis LB 168 3 (9) 2020-2025
43%
73 Matheus Uribe DM 144 13 (5) 2019-2023
43%
74 Miguel RB 143 13 (12) 2000-2005
43%
224 Miguel Garcia RB 72 1 (1) 2003-2007
43%
241 Miguel Layún RB 66 9 (21) 2015-2018
43%
213 Morten Hjulmand DM 77 5 (4) 2023-2025
43%
487 Paulo Bernardo CM 22 0 (0) 2021-2022
43%
55 Pedro Barbosa AM 157 23 (13) 2000-2005
43%
45 Pedro Gonçalves LW 166 72 (50) 2020-2025
43%
206 Pedro Porro RB 79 10 (13) 2020-2023
43%
39 Raúl Meireles CM 173 16 (25) 2004-2010
43%
68 Ricardo Esgaio RB 147 1 (15) 2012-2013, 2014-2016, 2021-2025
43%
121 Ricardo Sá Pinto ST 113 18 (6) 2000-2006
43%
123 Rúben Dias CB 112 11 (5) 2017-2021
43%
212 Rúben Neves DM 77 3 (3) 2014-2017
43%
815 Sandro Cruz LB 2 0 (0) 2021-2022
43%
110 Stephen Eustaquio CM 119 8 (9) 2021-2025
43%
760 Vaná Alves GK 4 0 (0) 2017-2019
43%
759 Victor Andrade LW 4 0 (1) 2015-2016
43%
849 Víctor García RB 1 0 (0) 2013-2014
43%
200 Agustín Marchesín GK 81 0 (1) 2019-2021
36%
667 Alfa Semedo DM 8 1 (0) 2018-2019
36%
57 André Carrillo CM 156 13 (34) 2011-2017
36%
411 André Pinto CB 30 0 (0) 2017-2019
36%
293 André Santos DM 51 3 (1) 2010-2012
36%
144 Bas Dost ST 103 81 (11) 2016-2020
36%
756 Bebé LW 4 0 (0) 2014-2015
36%
130 Benni McCarthy ST 109 54 (9) 2001-2002, 2003-2006
36%
378 Carlos Alberto AM 33 3 (0) 2003-2005
36%
354 Casemiro DM 36 4 (3) 2014-2015
36%
808 Danilo Barbosa DM 2 0 (0) 2016-2017
36%
824 Diogo Pinto GK 2 0 (0) 2023-2024
36%
113 Dmitriy Alenichev CM 116 18 (17) 2000-2004
36%
305 Ederson GK 47 0 (1) 2015-2017
36%
223 Eliaquim Mangala CB 73 9 (2) 2011-2014
36%
744 Emídio Rafael LB 5 0 (0) 2010-2011
36%
151 Enzo Pérez DM 100 9 (17) 2011-2015
36%
298 Fabiano GK 49 0 (0) 2012-2014, 2017-2018
36%
32 Fernando DM 195 2 (9) 2008-2014
36%
173 Fredy Guarín CM 89 16 (13) 2008-2012
36%
780 Gabriel Barbosa ST 3 0 (0) 2017-2018
36%
596 Gil Dias RW 13 1 (1) 2021-2022
36%
736 Hélder Barbosa LW 5 0 (0) 2005-2006, 2007-2008
36%
776 Hélio Pinto CM 3 0 (0) 2003-2004
36%
216 Jan Vertonghen CB 75 1 (2) 2020-2023
36%
302 João Manuel Pinto CB 48 4 (1) 2001-2003
36%
369 João Tomás ST 34 16 (0) 2000-2002
36%
217 Konstantinos Mitroglou ST 74 39 (8) 2015-2017
36%
773 Leandro Santos RB 3 0 (0) 2024-2025
36%
443 Luís Fabiano ST 26 3 (0) 2004-2005
36%
192 Luís Neto CB 82 0 (2) 2019-2024
36%
409 Manuel dos Santos LB 30 1 (1) 2004-2006
36%
233 Manuel Ugarte DM 70 0 (3) 2021-2023
36%
147 Marcus Edwards RW 101 19 (23) 2021-2025
36%
139 Marko Grujić DM 106 4 (3) 2020-2025
36%
885 Martim Neto CM 1 0 (0) 2021-2022
36%
373 Miguel Vítor CB 34 0 (2) 2007-2009, 2011-2013
36%
372 Nehuén Pérez CB 34 1 (2) 2024-2025
36%
279 Nélson Semedo RB 54 3 (8) 2015-2017
36%
168 Ousmane Diomande CB 91 6 (2) 2022-2025
36%
499 Paulinho Santos DM 21 1 (0) 2000-2003
36%
594 Paulo Santos GK 13 0 (0) 2001-2002
36%
49 Quim GK 162 0 (0) 2004-2010
36%
724 Rafael AM 5 0 (0) 2001-2002
36%
621 Raúl de Tomás ST 11 1 (0) 2019-2020
36%
146 Raúl Jiménez ST 101 22 (13) 2015-2018
36%
599 Renato Neto DM 12 1 (0) 2008-2009, 2011-2012
36%
158 Rodrigo ST 96 33 (15) 2011-2014
36%
104 Ruben Amorim CM 120 5 (9) 2008-2011, 2013-2015
36%
304 Rúben Semedo CB 47 0 (0) 2015-2016, 2021-2022
36%
761 Sérgio Nunes CB 4 0 (0) 2000-2001
36%
433 Souza CB 28 0 (0) 2010-2012
36%
386 Tiago DM 33 1 (1) 2002-2004
36%
564 Tiago Djaló CB 15 1 (0) 2024-2025
36%
289 Tiago Tomás ST 53 3 (3) 2019-2022
36%
677 Tomás Pérez CM 7 0 (0) 2024-2025
36%
309 Vangelis Pavlidis ST 46 26 (10) 2024-2025
36%
250 Wendel CM 63 4 (8) 2017-2021
36%
181 Wendell LB 86 6 (5) 2021-2025
36%
94 Yannick Djaló LW 128 25 (13) 2006-2012
36%
416 Alan Ruiz AM 29 6 (5) 2016-2018
29%
174 Alexander Bah RB 89 4 (13) 2022-2025
29%
472 Bruma LW 23 2 (6) 2012-2013, 2024-2025
29%
90 Bruno César CM 129 23 (12) 2011-2012, 2015-2019
29%
247 Bruno Martins Indi CB 63 2 (0) 2014-2016
29%
141 Bryan Ruiz AM 104 16 (24) 2015-2018
29%
198 Cristian Săpunaru CB 81 2 (3) 2008-2012
29%
397 Diego Reyes CB 31 2 (1) 2013-2014, 2017-2018
29%
700 Diogo DM 6 0 (0) 2001-2002
29%
686 Diogo Dalot RB 7 0 (2) 2017-2018
29%
204 Diogo Gonçalves LW 79 2 (9) 2017-2018, 2020-2023
29%
854 Diogo Valente LW 1 0 (0) 2006-2007
29%
159 Eliseu LB 95 4 (7) 2014-2018
29%
798 Ezequias Melo LB 2 0 (0) 2006-2007
29%
260 Fábio Cardoso CB 58 3 (2) 2021-2024
29%
222 Geny Catamo RW 73 11 (7) 2021-2022, 2023-2025
29%
315 Geovany Quenda RW 44 2 (6) 2024-2025
29%
236 Gonçalo Borges RW 68 2 (7) 2021-2025
29%
137 Islam Slimani ST 107 55 (15) 2013-2016, 2021-2022
29%
197 João Palhinha DM 81 4 (0) 2016-2017, 2020-2022
29%
473 Jorge Ribeiro LB 23 1 (1) 2001-2002, 2008-2009
29%
515 Jorge Sánchez RB 20 0 (2) 2023-2024
29%
423 José Antonio Reyes RW 29 5 (8) 2008-2009
29%
281 Juan Fernando Quintero AM 53 6 (9) 2013-2015
29%
161 Julian Weigl DM 94 4 (4) 2019-2023
29%
234 Júlio César GK 69 0 (0) 2014-2018
29%
514 Júlio César CB 20 3 (0) 2001-2002
29%
554 Júlio César GK 16 0 (0) 2009-2011
29%
368 Kléber ST 34 10 (2) 2011-2013
29%
540 Laurent Robert LW 17 2 (2) 2005-2006
29%
67 Ljubomir Fejsa DM 148 2 (0) 2013-2020
29%
284 Luís Filipe RB 53 0 (3) 2001-2003, 2007-2008, 2009-2011
29%
545 Mário Sérgio RB 16 0 (0) 2003-2005
29%
747 Mawete Júnior ST 5 2 (0) 2001-2002
29%
653 Mile Svilar GK 9 0 (0) 2017-2021
29%
100 Nani LW 122 29 (23) 2005-2006, 2014-2015, 2018-2019
29%
209 Nuno Valente LB 78 0 (10) 2002-2005
29%
843 Paulo Sérgio RW 1 0 (0) 2004-2005
29%
872 Pedro Ribeiro CB 1 0 (0) 2003-2004
29%
763 Rafael Leão LW 4 1 (1) 2017-2018
29%
359 Ramires CM 36 4 (6) 2009-2010
29%
312 Renan Ribeiro GK 46 0 (0) 2018-2020
29%
317 Renato Sanches CM 44 2 (1) 2015-2016, 2024-2025
29%
674 Rodrigo Ribeiro ST 8 0 (0) 2021-2022, 2024-2025
29%
743 Romeu Ribeiro DM 5 0 (0) 2007-2008
29%
566 Rúben Ribeiro AM 15 0 (2) 2017-2018
29%
482 Rubens Júnior LB 22 0 (1) 2000-2002
29%
427 Shoya Nakajima AM 28 0 (2) 2019-2021
29%
172 Steven Defour DM 89 4 (5) 2011-2014
29%
712 Vladan Kovačević GK 6 0 (0) 2024-2025
29%
807 Yuri Ribeiro LB 2 0 (0) 2018-2019
29%
131 Zaidu LB 109 7 (1) 2020-2025
29%
337 Zeno Debast CB 39 1 (4) 2024-2025
29%
148 Adel Taarabt CM 100 2 (10) 2018-2022
21%
9 Ânderson Polga CB 284 4 (4) 2003-2012
21%
421 Andreas Schjelderup LW 29 1 (5) 2022-2023, 2024-2025
21%
609 André Horta CM 12 1 (1) 2016-2017
21%
823 André Paulo GK 2 0 (0) 2020-2022
21%
838 André Vilas Boas DM 1 0 (0) 2003-2004
21%
249 Arthur Cabral ST 63 10 (2) 2023-2025
21%
96 Artur Moraes GK 124 0 (1) 2011-2015
21%
322 Axel Witsel CB 42 1 (4) 2011-2013
21%
457 Bruno Moraes ST 25 3 (3) 2003-2004, 2006-2007
21%
547 Cabral RB 16 0 (0) 2001-2003
21%
329 Carlos Vinícius ST 41 19 (8) 2019-2022
21%
353 Conrad Harder ST 37 6 (5) 2024-2025
21%
300 Cristian Tello LW 48 9 (11) 2014-2016
21%
642 Daniel Osvaldo ST 10 1 (1) 2015-2016
21%
570 Danny AM 14 0 (0) 2002-2003, 2004-2005
21%
191 Danny Namaso ST 82 9 (7) 2021-2025
21%
221 David Neres RW 73 14 (20) 2022-2024
21%
879 David Tavares CM 1 0 (0) 2019-2020
21%
356 Diogo Leite CB 36 2 (0) 2018-2021
21%
631 Domingos Paciência ST 11 3 (0) 2000-2001
21%
98 Evanilson ST 124 42 (17) 2020-2025
21%
122 Ezequiel Garay CB 113 12 (0) 2011-2014
21%
301 Fernando Meira CB 48 2 (2) 2000-2002
21%
273 Ferro CB 55 4 (0) 2018-2021
21%
76 Franco Cervi LW 142 14 (19) 2016-2021
21%
344 Franco Israel GK 38 0 (0) 2022-2025
21%
97 Fredrik Aursnes CM 124 8 (21) 2022-2025
21%
133 Fredy Montero ST 109 38 (13) 2013-2015, 2017-2019
21%
101 Galeno LW 121 34 (17) 2017-2018, 2021-2025
21%
253 Georgios Karagounis CM 61 3 (2) 2005-2007
21%
556 Giannelli Imbula DM 15 0 (1) 2015-2016
21%
211 Gonçalo Guedes LW 77 9 (10) 2014-2016, 2022-2024
21%
430 Guilherme Siqueira LB 28 1 (1) 2013-2014
21%
786 Hélio Roque RW 3 0 (0) 2005-2006
21%
201 Hugo CB 80 3 (2) 2000-2006
21%
412 Iván Fresneda RB 30 3 (0) 2023-2025
21%
507 Jan Oblak GK 20 0 (0) 2013-2014
21%
166 Javier Saviola CF 92 29 (23) 2009-2012
21%
242 Jeremiah St. Juste CB 65 1 (3) 2022-2025
21%
177 Jérémy Mathieu LB 87 7 (3) 2017-2020
21%
569 Jesé LW 14 1 (0) 2019-2020
21%
523 João Paulo CB 19 1 (0) 2002-2003, 2006-2008
21%
825 João Victor CB 2 0 (0) 2023-2024
21%
82 Jorge Fucile RB 135 1 (7) 2006-2011, 2013-2014
21%
432 Josué AM 28 4 (6) 2013-2014
21%
182 Jovane Cabral LW 86 16 (13) 2018-2023
21%
598 Julian Draxler LW 13 1 (0) 2022-2023
21%
675 Laurent Depoitre ST 8 1 (1) 2016-2017
21%
294 Lazar Markovic RW 50 7 (5) 2013-2014, 2016-2017
21%
635 Leandro LB 10 1 (0) 2004-2005
21%
644 Leandro Lima AM 10 0 (1) 2007-2008
21%
681 Léo Lima AM 7 0 (0) 2004-2005
21%
107 Lima ST 120 60 (22) 2012-2015
21%
349 Luca Waldschmidt ST 37 10 (4) 2020-2022
21%
117 Mantorras ST 114 30 (7) 2001-2002, 2004-2009
21%
601 Manú RW 12 0 (2) 2006-2007
21%
95 Marat Izmailov AM 127 15 (18) 2007-2014
21%
665 Marcel ST 8 0 (0) 2005-2006
21%
136 Marcos Acuña LB 108 7 (20) 2017-2020
21%
775 Marcos Paulo CM 3 0 (0) 2002-2003
21%
829 Mauro Couto RW 1 0 (0) 2024-2025
21%
89 Miguel Veloso DM 130 8 (12) 2006-2010
21%
803 Mikel Agu DM 2 0 (0) 2013-2014
21%
444 Nabil Ghilas ST 26 3 (4) 2013-2014
21%
410 Nuno Tavares LB 30 1 (4) 2019-2021
21%
227 Ola John LW 71 5 (13) 2012-2016
21%
199 Orkun Kökçü CM 81 18 (15) 2023-2025
21%
103 Paulinho ST 120 40 (25) 2020-2024
21%
779 Paulinho AM 3 0 (0) 2017-2018
21%
163 Paulo Assunção DM 92 0 (5) 2005-2008
21%
125 Paulo Bento DM 111 3 (6) 2000-2004
21%
61 Pedro Emanuel CB 151 1 (5) 2002-2005, 2007-2009
21%
35 Petit DM 187 13 (14) 2002-2008
21%
475 Rafael Camacho RW 23 0 (1) 2019-2020
21%
220 Ricky van Wolfswinkel ST 73 35 (3) 2011-2013
21%
286 Robert Enke GK 53 0 (0) 2000-2002
21%
336 Roberto GK 39 0 (0) 2010-2011
21%
85 Rodrigo Tello LW 134 6 (14) 2000-2007
21%
797 Rogelio Funes Mori ST 2 0 (0) 2013-2014
21%
363 Roman Yaremchuk ST 35 9 (3) 2021-2023
21%
371 Romário Baró CM 34 0 (1) 2019-2020, 2023-2024
21%
259 Rui Bento DM 58 1 (1) 2001-2004
21%
678 Santiago Arias RB 7 0 (1) 2011-2013
21%
434 Teófilo Gutiérrez ST 28 12 (1) 2015-2016
21%
529 Tomás Tavares RB 19 0 (0) 2019-2020
21%
787 Ukra RW 3 0 (0) 2010-2011
21%
255 Victor Lindelöf CB 60 2 (0) 2013-2014, 2015-2017
21%
478 Walter ST 23 7 (1) 2010-2012
21%
155 Wilson Manafá RB 99 2 (5) 2018-2023
21%
348 Abdoulay Diaby RW 37 4 (6) 2018-2020
14%
767 Alberto Bueno CF 4 0 (1) 2015-2016
14%
267 André Franco AM 56 3 (3) 2022-2025
14%
641 André Marques LB 10 0 (0) 2005-2006, 2009-2010
14%
668 Antunes LB 8 0 (1) 2020-2021
14%
685 Caio Lucas LW 7 1 (0) 2019-2020
14%
550 Carlos Bueno ST 16 5 (1) 2006-2007
14%
165 Carlos Paredes DM 92 2 (4) 2000-2001, 2006-2008
14%
477 Castro CM 23 1 (1) 2007-2008, 2010-2011, 2012-2013
14%
449 Christian Atsu LW 25 1 (2) 2012-2013
14%
436 Cristiano CB 27 1 (0) 2002-2004
14%
734 Cristiano LW 5 0 (0) 2010-2011
14%
115 Daniel Bragança CM 115 9 (9) 2020-2021, 2023-2025
14%
595 Edmílson RW 13 4 (0) 2000-2001
14%
511 Eduardo Henrique DM 20 0 (0) 2019-2020
14%
425 Eric Dier CB 28 1 (4) 2012-2014
14%
214 Everton LW 76 11 (16) 2020-2022
14%
269 Fabrizio Miccoli ST 56 19 (5) 2005-2007
14%
495 Filipe Augusto DM 21 0 (1) 2016-2018
14%
77 Florentino DM 142 3 (5) 2018-2019, 2022-2025
14%
358 Francisco Moura LB 36 4 (11) 2024-2025
14%
414 Georgios Seitaridis RB 30 0 (1) 2004-2005
14%
604 Gonçalo Paciência ST 12 0 (1) 2014-2015, 2017-2018
14%
903 Gustavo Marques CB 1 0 (0) 2023-2024
14%
494 Helton Leite GK 21 0 (0) 2020-2022
14%
142 Hidemasa Morita CM 104 10 (11) 2022-2025
14%
471 Joel Campbell RW 23 3 (4) 2016-2017
14%
285 Jorginho AM 53 5 (11) 2005-2007
14%
719 Juan Iturbe RW 6 0 (0) 2011-2014
14%
834 Kadú GK 1 0 (0) 2011-2012
14%
537 Kelvin RW 17 3 (2) 2012-2014, 2016-2017
14%
323 Kerem Aktürkoğlu LW 42 15 (12) 2024-2025
14%
140 Konstantinos Katsouranis DM 105 11 (12) 2006-2009
14%
357 Leandro Barreiro CM 36 3 (4) 2024-2025
14%
118 Léo LB 114 2 (7) 2005-2009
14%
385 Licá LW 33 3 (5) 2013-2014
14%
577 Lino LB 14 1 (1) 2007-2009
14%
562 Mamadou Loum DM 15 1 (0) 2018-2021
14%
503 Marcos Leonardo ST 21 8 (1) 2023-2025
14%
307 Maurício CB 47 1 (0) 2013-2015
14%
388 Miklós Fehér ST 32 8 (3) 2002-2004
14%
484 Naldo CB 22 0 (0) 2015-2016
14%
396 Nemanja Gudelj DM 32 1 (1) 2018-2019
14%
311 Nolito LW 46 12 (8) 2011-2013
14%
352 Pablo Sarabia RW 37 17 (9) 2021-2022
14%
844 Pawel Kieszek GK 1 0 (0) 2010-2011
14%
876 Pedro Marques ST 1 0 (0) 2018-2019
14%
275 Petar Musa ST 55 14 (5) 2022-2024
14%
402 Peter Schmeichel GK 31 0 (0) 2000-2001
14%
608 Przemyslaw Kazmierczak DM 12 0 (1) 2007-2008
14%
830 Rafael Nel ST 1 0 (0) 2023-2024
14%
392 Raphinha LW 32 7 (5) 2018-2020
14%
857 Ricardo Batista GK 1 0 (0) 2008-2009
14%
585 Samuel Dahl LB 14 0 (4) 2024-2025
14%
235 Secretário RB 69 1 (2) 2000-2004
14%
491 Sílvio RB 22 0 (3) 2013-2016
14%
839 Toni RB 1 0 (0) 2001-2002
14%
726 Willy Boly CB 5 0 (0) 2016-2017
14%
366 Zeki Amdouni ST 35 8 (3) 2024-2025
14%
299 Zouhair Feddal CB 48 2 (4) 2020-2022
14%
895 Abraham Marcus RW 1 0 (0) 2022-2023
7%
793 Afonso Moreira LW 3 0 (0) 2023-2025
7%
393 Alan Kardec ST 32 5 (1) 2009-2010, 2012-2013
7%
342 Alberto Acosta ST 38 14 (0) 2000-2001
7%
453 Alberto Aquilani CM 25 4 (0) 2015-2016
7%
270 Álvaro Carreras LB 56 4 (4) 2023-2025
7%
502 Aly Cissokho CB 21 0 (2) 2008-2009, 2015-2016
7%
400 Andraz Sporar ST 31 10 (3) 2019-2021
7%
531 Andrea Belotti ST 18 3 (1) 2024-2025
7%
684 Andrés Madrid DM 7 0 (0) 2008-2009
7%
240 Andrija Zivkovic RW 66 3 (12) 2016-2020
7%
574 António Folha LW 14 1 (2) 2000-2001
7%
693 Bernardo Folha CM 7 0 (0) 2022-2023
7%
459 Bruno Aguiar CM 24 0 (1) 2004-2005
7%
841 Bruno Gama LW 1 0 (0) 2004-2005
7%
521 Calado CM 20 0 (0) 2000-2001
7%
809 Carraça RB 2 0 (0) 2020-2021
7%
154 César Peixoto LW 100 9 (11) 2002-2005, 2009-2011
7%
626 Chidozie Awaziem CB 11 0 (0) 2015-2016, 2018-2019
7%
156 Chiquinho AM 99 5 (7) 2019-2020, 2022-2024
7%
781 Chiquinho ST 3 0 (0) 2000-2001
7%
129 Custódio DM 109 7 (0) 2001-2002, 2003-2007
7%
109 Daniel Carriço CB 119 4 (2) 2008-2013
7%
576 Danijel Pranjic LB 14 0 (0) 2012-2013
7%
543 Dário Essugo DM 17 0 (0) 2020-2025
7%
452 David Carmo CB 25 0 (0) 2022-2024
7%
548 David Suazo ST 16 5 (3) 2008-2009
7%
105 Diego Capel LW 120 11 (22) 2011-2015
7%
892 Diego Moreira LM 1 0 (0) 2021-2022
7%
584 Diego Váleri AM 14 0 (2) 2009-2010
7%
673 Douglas RB 8 0 (0) 2017-2018
7%
822 Douglas CB 2 0 (0) 2016-2017
7%
183 Edgaras Jankauskas ST 86 23 (6) 2001-2004
7%
890 Eduardo Simões CB 1 0 (0) 2002-2003
7%
308 Elias CM 47 3 (4) 2011-2012, 2016-2017
7%
852 Elias DM 1 0 (0) 2002-2003
7%
263 Evaldo LB 57 1 (1) 2003-2004, 2010-2012
7%
325 Evandro AM 42 2 (1) 2014-2017
7%
485 Ewerton CB 22 2 (0) 2014-2016
7%
330 Ezequiel Schelotto RM 40 0 (8) 2015-2017
7%
175 Fábio Rochemback CM 89 12 (8) 2003-2005, 2008-2010
7%
715 Fatih Sonkaya RB 6 0 (0) 2005-2006
7%
784 Fellipe Bastos CM 3 1 (0) 2008-2009
7%
332 Fernando Aguiar DM 40 3 (0) 2001-2002, 2003-2004
7%
171 Fernando Belluschi AM 89 6 (23) 2009-2012
7%
867 Fernando Fonseca RB 1 0 (0) 2016-2017
7%
638 Francisco Fonseca ST 10 1 (0) 2006-2007
7%
886 Francisco Meixedo GK 1 0 (0) 2021-2022
7%
624 Fran Navarro ST 11 0 (1) 2023-2025
7%
203 Gabriel Pires DM 79 3 (5) 2018-2021
7%
877 Gelson ST 1 0 (0) 2016-2017
7%
727 Geraldo CB 5 0 (0) 2000-2001
7%
649 Gianluca Prestianni RW 9 0 (0) 2023-2025
7%
749 Gonçalo Esteves RB 5 0 (0) 2021-2022
7%
394 Gonzalo Plata RW 32 3 (3) 2019-2021
7%
863 Hans Jörg Butt GK 1 0 (0) 2007-2008
7%
593 Héctor Bellerín RB 13 1 (0) 2022-2023
7%
335 Hernâni LW 39 3 (3) 2014-2015, 2017-2019
7%
819 Hugo Ventura GK 2 0 (0) 2007-2009
7%
225 Hugo Viana CM 72 9 (2) 2001-2002, 2004-2005
7%
615 Hyun-jun Suk ST 11 1 (2) 2015-2016
7%
291 Ibson CM 52 2 (1) 2004-2007
7%
324 Idrissa Doumbia DM 42 1 (1) 2018-2020
7%
571 Ivan Cavaleiro LW 14 0 (1) 2013-2014
7%
497 Ivanildo RW 21 0 (2) 2004-2006
7%
351 Iván Jaime AM 37 3 (2) 2023-2025
7%
698 Iván Piris RB 6 0 (1) 2013-2014
7%
445 Jaime Valdés CM 26 5 (6) 2010-2011
7%
597 Javier Balboa RW 13 0 (2) 2008-2009
7%
152 Jefferson LB 100 4 (24) 2013-2016, 2018-2019
7%
420 Jeffrén RW 29 5 (1) 2011-2013
7%
660 João Carlos Teixeira AM 8 0 (1) 2016-2017
7%
588 João Simões CM 14 1 (1) 2024-2025
7%
846 João Teixeira CM 1 0 (0) 2014-2015
7%
810 João Virgínia GK 2 0 (0) 2021-2022
7%
832 Joris Kayembe LB 1 0 (0) 2013-2014
7%
795 José Campaña CM 2 0 (0) 2014-2015
7%
88 José Moreira GK 130 0 (0) 2001-2006, 2008-2011
7%
723 Juan Bernat LB 5 0 (0) 2023-2024
7%
703 Koke ST 6 2 (0) 2005-2006
7%
383 Lucas Veríssimo CB 33 5 (1) 2020-2023
7%
648 Luc Castaignos ST 10 0 (0) 2016-2017, 2018-2019
7%
417 Luís Maximiano GK 29 0 (0) 2019-2021
7%
782 Luka Jović ST 3 0 (0) 2015-2017
7%
522 Maciel RW 19 3 (2) 2003-2005
7%
870 Marcelo Hermes LB 1 0 (0) 2016-2017
7%
647 Marc Janko ST 10 4 (0) 2011-2012
7%
290 Marcos Rojo CB 53 5 (1) 2012-2014
7%
245 Marek Cech LB 64 2 (5) 2005-2008
7%
708 Marian Had CB 6 0 (0) 2007-2008
7%
553 Mario Bolatti DM 16 0 (0) 2007-2008
7%
869 Mario Cáceres ST 1 0 (0) 2000-2001
7%
360 Marvin Zeegelaar LB 36 0 (4) 2015-2017
7%
878 Momo Mbaye GK 1 0 (0) 2019-2020
7%
265 Morato CB 57 2 (1) 2020-2025
7%
549 Nanu RB 16 0 (1) 2020-2021
7%
160 Nélson RB 94 1 (14) 2005-2008
7%
272 Nélson GK 55 0 (0) 2000-2006
7%
448 Nélson RB 25 0 (0) 2000-2001
7%
691 Nelson Benítez LB 7 0 (0) 2008-2009
7%
729 Nicolás Castillo ST 5 0 (0) 2018-2019
7%
563 Nuno André Coelho CB 15 0 (1) 2009-2011
7%
481 Oguchi Onyewu CB 22 4 (0) 2011-2012
7%
783 Paulo Machado CM 3 0 (0) 2004-2005
7%
591 Paulo Madeira CB 13 0 (0) 2000-2001
7%
476 Pedrinho RW 23 0 (0) 2020-2021
7%
769 Pelé CM 4 0 (0) 2008-2009
7%
106 Pereirinha RW 120 4 (5) 2006-2009, 2011-2012
7%
817 Rabiola ST 2 0 (0) 2008-2009
7%
887 Reinaldo CB 1 0 (0) 2002-2003
7%
634 Ricardo Esteves RB 10 0 (0) 2000-2001
7%
75 Ricardo Rocha CB 142 3 (3) 2002-2007
7%
623 Ricardo Rojas LB 11 0 (0) 2000-2001
7%
455 Rodrigo Fabri AM 25 3 (2) 2000-2001
7%
688 Rodrigo Pinho ST 7 1 (0) 2021-2023
7%
804 Ryan Gauld AM 2 0 (0) 2014-2015
7%
721 Sébastien Corchia RB 5 0 (0) 2018-2019
7%
689 Sereno CB 7 0 (0) 2010-2011
7%
519 Seydou Doumbia ST 20 2 (1) 2017-2018
7%
655 Sotiris Alexandropoulos CM 9 0 (0) 2022-2023
7%
509 Soualiho Meïté DM 20 0 (0) 2021-2022
7%
238 Stefan Ristovski RB 66 0 (7) 2017-2020
7%
884 Steven Vitória CB 1 0 (0) 2013-2014
7%
280 Stijn Schaars DM 54 3 (10) 2011-2013
7%
246 Talisca AM 64 15 (2) 2014-2016
7%
480 Tobias Figueiredo CB 22 3 (0) 2014-2015, 2017-2018
7%
816 Tomás Esteves RB 2 0 (0) 2019-2020
7%
228 Tomislav Sokota ST 71 22 (9) 2001-2007
7%
805 Tozé AM 2 0 (0) 2012-2014
7%
461 Valentino Lazaro RM 24 0 (2) 2021-2022
7%
610 Valeri Bozhinov ST 12 3 (0) 2011-2012
7%
654 Vieirinha RB 9 0 (0) 2006-2007
7%
440 Abdelsattar Sabry LW 26 3 (2) 2000-2001
0%
888 Adrian Bajrami CB 1 0 (0) 2024-2025
0%
467 Airton DM 24 0 (0) 2009-2011
0%
752 Ákos Buzsáky CM 4 0 (1) 2002-2003
0%
812 Alan Mahon LM 2 0 (0) 2000-2001
0%
407 Alberto Zapater DM 30 2 (2) 2010-2011
0%
418 Alcides CB 29 0 (0) 2004-2007
0%
403 Alecsandro ST 31 8 (2) 2006-2007
0%
657 Alejandro Escalona LB 9 0 (0) 2000-2001
0%
772 Alexandre Brito DM 3 0 (0) 2024-2025
0%
395 Aloísio CB 32 2 (0) 2000-2001
0%
618 Amoreirinha CB 11 0 (0) 2004-2005
0%
292 Anders Andersson DM 51 1 (2) 2001-2004
0%
651 André Neles ST 9 1 (0) 2000-2001
0%
572 Andrey Karyaka LW 14 3 (0) 2005-2007
0%
771 Andrija Delibasic ST 3 0 (0) 2004-2005
0%
616 Areias LB 11 0 (0) 2004-2005
0%
180 Argel Fuchs CB 86 6 (0) 2001-2005
0%
716 Ariza Makukula ST 6 1 (0) 2007-2008
0%
375 Azar Karadas ST 33 6 (3) 2004-2005
0%
466 Benjamín Rollheiser RW 24 2 (1) 2023-2025
0%
754 Betinho ST 4 0 (0) 2012-2013
0%
751 Biel LW 5 0 (0) 2024-2025
0%
508 Bino CM 20 1 (0) 2000-2001
0%
862 Branimir Kalaica CB 1 1 (0) 2016-2017
0%
842 Bruno Caires DM 1 0 (0) 2000-2001
0%
705 Bruno Cortez LB 6 0 (0) 2013-2014
0%
496 Bruno Gaspar RB 21 1 (0) 2018-2019
0%
709 Bruno Paulista DM 6 0 (0) 2015-2017
0%
864 Bruno Paz CM 1 0 (0) 2018-2019
0%
328 Bruno Tabata RW 41 4 (4) 2020-2022
0%
606 Bryan Cristante DM 12 0 (0) 2014-2016
0%
102 Capucho RW 121 17 (24) 2000-2003
0%
296 Carlitos RW 49 5 (4) 2000-2004
0%
603 Carlitos LW 12 0 (1) 2004-2006
0%
600 Carlos Bossio GK 12 0 (0) 2000-2001, 2002-2004
0%
210 Carlos Mané LW 77 10 (14) 2013-2016, 2018-2019
0%
520 Carlos Marchena CB 20 2 (0) 2000-2001
0%
268 Carlos Saleiro ST 56 5 (5) 2009-2011
0%
419 Casper Tengstedt ST 29 4 (5) 2022-2024
0%
687 Celsinho AM 7 0 (0) 2007-2008
0%
194 César Prates RB 82 1 (7) 2000-2003
0%
437 Chaínho CM 27 1 (1) 2000-2001
0%
474 Chano AM 23 2 (1) 2000-2001
0%
504 Chermiti ST 21 3 (2) 2022-2023
0%
891 Cher Ndour CM 1 0 (0) 2022-2023
0%
560 Chico Geraldes AM 15 0 (0) 2016-2017, 2018-2020
0%
897 Chico Lamba CB 1 0 (0) 2022-2023
0%
699 Cláudio Pitbull ST 6 0 (0) 2004-2005
0%
202 Clayton LW 79 15 (12) 2000-2004
0%
850 Clésio Baúque RW 1 0 (0) 2015-2016
0%
555 Cote LB 16 0 (1) 2014-2016
0%
327 Cristián Borja LB 41 1 (1) 2018-2021
0%
802 Cristian Lema CB 2 0 (0) 2018-2019
0%
389 Cristiano Piccini CB 32 0 (3) 2017-2018
0%
740 Daniel Candeias RW 5 0 (0) 2008-2009
0%
450 Daniel Podence AM 25 0 (7) 2016-2018
0%
874 David Caiado AM 1 0 (0) 2005-2006
0%
656 David Jurásek LB 9 0 (0) 2023-2024
0%
431 Deivid ST 28 9 (5) 2005-2007
0%
612 Delfim DM 12 1 (0) 2000-2001
0%
510 Derley ST 20 1 (3) 2014-2015
0%
546 Diego Rubio ST 16 1 (1) 2011-2013
0%
559 Dimas LB 15 2 (0) 2000-2002
0%
632 Dimitrios Nalitzis ST 11 0 (1) 2001-2002
0%
894 Diogo Prioste CM 1 0 (0) 2024-2025
0%
493 Diogo Salomão RW 21 4 (2) 2010-2011, 2013-2014
0%
900 Diogo Spencer RB 1 0 (0) 2023-2024
0%
542 Djalma RW 17 1 (1) 2011-2012
0%
483 Edcarlos CB 22 0 (1) 2007-2008
0%
725 Éder Bonfim RB 5 0 (1) 2002-2003
0%
321 Ednilson DM 42 0 (0) 2000-2003
0%
837 Edson Canhão LB 1 0 (0) 2005-2006
0%
696 Eduardo Felicíssimo DM 6 0 (0) 2024-2025
0%
645 Emanuele Pesaresi LB 10 0 (0) 2001-2002
0%
287 Emiliano Insúa LB 53 4 (9) 2011-2013
0%
753 Emílio Peixe DM 4 0 (0) 2000-2001, 2002-2003
0%
248 Ernesto Farías ST 63 23 (10) 2007-2010
0%
424 Esquerdinha LB 28 5 (0) 2000-2001
0%
790 Everson DM 3 0 (0) 2004-2005
0%
318 Fabián Rinaudo DM 44 0 (1) 2011-2014
0%
806 Fabrice Fokobo DM 2 0 (0) 2012-2013
0%
720 Facundo Ferreyra ST 6 1 (0) 2018-2019, 2020-2021
0%
254 Facundo Quiroga CB 60 2 (1) 2001-2004
0%
643 Felipe Caicedo ST 10 0 (1) 2009-2010
0%
488 Felipe Menezes AM 22 0 (1) 2009-2011
0%
536 Filip Djuricic AM 18 1 (2) 2013-2014, 2015-2016
0%
526 Filip Krovinovic DM 19 1 (1) 2017-2019
0%
737 Florent Sinama-Pongolle CF 5 1 (0) 2009-2010
0%
346 Franco Jara ST 38 8 (4) 2010-2011, 2014-2015
0%
587 Freddy Adu AM 14 2 (0) 2007-2008
0%
377 Fredrik Söderström CM 33 0 (1) 2001-2002
0%
116 Geovanni AM 115 18 (7) 2002-2006
0%
683 Germán Conti CB 7 0 (0) 2018-2019
0%
652 Gerson Magrão LM 9 0 (0) 2013-2014
0%
404 Gilles Binya CB 31 0 (2) 2007-2009
0%
532 Gladstone CB 18 1 (0) 2007-2008
0%
739 Gonzalo Bergessio ST 5 0 (0) 2007-2008
0%
732 Guillermo Celis DM 5 0 (0) 2016-2017
0%
544 Gustavo Manduca LW 16 1 (1) 2005-2006
0%
840 Hany Mukhtar AM 1 0 (0) 2014-2015
0%
405 Hassan Yebda CM 30 1 (1) 2008-2009
0%
833 Héctor Quiñónes LB 1 0 (0) 2012-2013
0%
313 Hélder Cristóvão CB 45 2 (1) 2002-2004
0%
614 Héldon LW 12 1 (0) 2013-2015
0%
792 Henrique Arreiol DM 3 0 (0) 2024-2025
0%
671 Hernán Barcos ST 8 0 (0) 2015-2016
0%
422 Hugo Ibarra RB 29 0 (3) 2001-2002
0%
672 Hugo Leal CM 8 0 (1) 2004-2005
0%
800 Hugo Luz LB 2 0 (0) 2002-2003
0%
658 Issahaku Fatawu RW 9 0 (1) 2022-2023
0%
746 Issa Kaboré RB 5 0 (0) 2024-2025
0%
706 Iuri Medeiros RW 6 0 (1) 2017-2018
0%
500 Ivan Dudic RB 21 0 (0) 2000-2001
0%
794 Ivaylo Yordanov AM 2 0 (0) 2000-2001
0%
718 Joan Capdevila LB 6 0 (0) 2011-2012
0%
541 João Coimbra AM 17 0 (0) 2005-2007
0%
676 João Rego AM 8 0 (0) 2023-2025
0%
592 Joãozinho LB 13 0 (1) 2012-2013
0%
801 Joca DM 2 0 (0) 2001-2002
0%
796 John Brooks CB 2 0 (0) 2022-2023
0%
490 Jonathan Urretaviscaya RW 22 2 (2) 2008-2009, 2012-2013
0%
856 Jorge Vidigal RB 1 0 (0) 2001-2002
0%
741 José Marsà CB 5 0 (0) 2021-2023
0%
398 Joseph Enakarhire CB 31 0 (0) 2004-2005
0%
750 José Shaffer LB 5 0 (0) 2009-2010
0%
662 Josip Misic DM 8 0 (0) 2017-2019
0%
735 Jovan Kirovski RW 5 0 (0) 2000-2001
0%
764 Juan Esnáider ST 4 0 (0) 2001-2002
0%
470 Junya Tanaka ST 23 5 (2) 2014-2016
0%
561 Karel Poborský RW 15 1 (0) 2000-2001
0%
766 Keaton Parks DM 4 0 (0) 2017-2018
0%
748 Keirrison ST 5 0 (0) 2009-2010
0%
583 Khalid Boulahrouz CB 14 0 (0) 2012-2013
0%
692 Koba Koindredi CM 7 0 (0) 2023-2024
0%
640 Laszlo Sepsi LB 10 0 (2) 2007-2008
0%
713 Leandro Bonfim AM 6 0 (0) 2004-2005
0%
251 Leandro Grimi LB 62 2 (0) 2007-2011
0%
176 Leandro Romagnoli AM 88 8 (13) 2005-2009
0%
697 Lionel Carole LB 6 0 (0) 2010-2011
0%
186 Ljubinko Drulovic LW 84 11 (14) 2000-2003
0%
362 Lorenzo Melgarejo LW 35 2 (5) 2012-2013
0%
774 Loris Benito CB 3 0 (0) 2014-2015
0%
406 Lourenço ST 30 5 (0) 2003-2004
0%
893 Lucas Anjos ST 1 0 (0) 2024-2025
0%
765 Lucas Mareque LB 4 0 (0) 2006-2007
0%
370 Luciano Vietto ST 34 7 (5) 2019-2021
0%
742 Luisinho LB 5 1 (0) 2012-2013
0%
619 Luís Loureiro DM 11 1 (0) 2005-2006
0%
788 Luis Páez ST 3 0 (0) 2007-2008
0%
355 Luiz Phellype ST 36 16 (6) 2018-2020
0%
666 Lumor Agbenyenu LB 8 0 (0) 2017-2019
0%
680 Majeed Waris CF 7 0 (0) 2017-2018
0%
579 Malang Sarr CB 14 0 (0) 2020-2021
0%
882 Mamede LW 1 0 (0) 2023-2024
0%
636 Marcelo Boeck GK 10 0 (0) 2011-2012, 2014-2016
0%
132 Marco Caneira CB 109 2 (0) 2001-2002, 2005-2006, 2008-2010
0%
501 Marco Torsiglieri CB 21 0 (0) 2010-2011
0%
777 Marco Zoro CB 3 1 (0) 2007-2008
0%
889 Marius Mouandilmadji ST 1 1 (0) 2018-2019
0%
229 Marius Niculae ST 71 18 (6) 2001-2005
0%
858 Martin Chrien ST 1 0 (0) 2017-2018
0%
613 Mateo Tanlongo DM 12 0 (0) 2022-2023
0%
853 Mattheus CM 1 0 (0) 2017-2018
0%
446 Mauricio Pinilla ST 26 6 (0) 2004-2006
0%
479 Mbo Mpenza ST 23 0 (0) 2000-2001
0%
464 Mehdi Carcela-González RW 24 2 (6) 2015-2016
0%
694 Miguel Ángel Angulo CF 7 0 (0) 2009-2010
0%
679 Miguelito LB 7 0 (1) 2006-2007
0%
899 Miguel Menino CM 1 0 (0) 2023-2024
0%
664 Mihailo Ristic LB 8 1 (1) 2022-2024
0%
528 Milan Purovic ST 19 2 (1) 2007-2008
0%
578 Milan Stepanov CB 14 0 (0) 2007-2009
0%
451 Miralem Sulejmani LM 25 1 (5) 2013-2015
0%
558 Miran Pavlin AM 15 1 (0) 2000-2002
0%
463 Moretto GK 24 0 (0) 2005-2007
0%
707 Mota ST 6 0 (0) 2004-2005
0%
607 Naby Sarr CB 12 1 (0) 2014-2015
0%
646 Nazinho LB 10 0 (0) 2021-2023
0%
682 Nemanja Radonjić LW 7 0 (0) 2021-2022
0%
845 Nii Plange LW 1 0 (0) 2012-2013
0%
534 Niklas Beste RW, LW 18 0 (2) 2024-2025
0%
231 Nuno Assis AM 70 4 (0) 2004-2008
0%
399 Pablo Contreras CB 31 3 (0) 2002-2003
0%
415 Paíto LB 29 0 (1) 2003-2006
0%
462 Pavel Horvath CM 24 1 (0) 2000-2002
0%
811 Pedro Espinha GK 2 0 (0) 2000-2001
0%
215 Pena ST 75 36 (5) 2000-2002
0%
785 Pepa ST 3 0 (0) 2001-2002
0%
319 Phil Babb CB 43 1 (1) 2000-2002
0%
390 Pierre van Hooijdonk ST 32 22 (1) 2000-2001
0%
429 Pontus Farnerud CM 28 0 (0) 2006-2008
0%
757 Porfírio LW 4 0 (0) 2001-2002
0%
704 Quim Berto RB 6 0 (0) 2000-2001
0%
456 Radosav Petrovic CB 25 0 (0) 2016-2019
0%
880 Rafael Bracali GK 1 0 (0) 2011-2012
0%
902 Rafael Pontelo CB 1 0 (0) 2023-2024
0%
851 Riechedly Bazoer CB 1 0 (0) 2018-2019
0%
620 Robert Spehar ST 11 5 (1) 2000-2002
0%
539 Rochinha LW 17 1 (2) 2022-2023
0%
630 Roderick Miranda CB 11 0 (0) 2009-2010, 2012-2013
0%
226 Rodrigo Battaglia DM 72 2 (2) 2017-2020
0%
527 Rodrigo Tiuí ST 19 1 (4) 2007-2009
0%
340 Roger Flores AM 38 6 (4) 2000-2001, 2002-2004
0%
278 Rogério RB 54 5 (1) 2004-2006
0%
575 Romain Salin GK 14 0 (0) 2018-2019
0%
659 Romeu ST 8 0 (1) 2000-2001
0%
314 Ronny AM 45 1 (9) 2006-2009
0%
252 Roudolphe Douala LW 61 9 (4) 2004-2006
0%
347 Rúben Micael CM 38 3 (8) 2009-2012
0%
580 Rúben Vinagre LB 14 0 (1) 2021-2022
0%
590 Rui Baião AM 13 1 (1) 2000-2002
0%
710 Rui Nereu GK 6 0 (0) 2005-2006
0%
339 Samu Aghehowa ST 39 25 (3) 2024-2025
0%
835 Santamaria CB 1 0 (0) 2003-2004
0%
755 Sebá LW 4 0 (1) 2012-2013
0%
738 Sebastián Ribas ST 5 0 (0) 2011-2012
0%
271 Sergey Ovchinnikov GK 56 0 (0) 2000-2002
0%
661 Sergiy Kandaurov CM 8 0 (0) 2000-2001
0%
861 Shikabala RW 1 0 (0) 2013-2014
0%
264 Sidnei CB 57 6 (2) 2008-2011
0%
589 Silvio Maric AM 14 2 (0) 2000-2001
0%
145 Simon Vukcevic RW 102 18 (12) 2007-2011
0%
387 Takis Fyssas LB 33 0 (0) 2003-2005
0%
306 Tarik Sektioui RW 47 8 (5) 2006-2009
0%
711 Thierry Correia RB 6 0 (0) 2018-2020
0%
465 Tiago Gouveia RW 24 3 (5) 2021-2022, 2023-2025
0%
379 Tiago Ilori CB 33 1 (0) 2011-2012, 2018-2020
0%
820 Timo Hildebrand GK 2 0 (0) 2010-2011
0%
460 Tinga CM 24 1 (0) 2003-2005
0%
875 Tomané ST 1 0 (0) 2005-2006
0%
64 Tonel CB 149 13 (5) 2005-2010
0%
239 Toñito AM 66 11 (4) 2000-2001, 2002-2004
0%
758 Toy ST 4 0 (0) 2000-2001
0%
573 Uri Rosell DM 14 0 (1) 2014-2015
0%
582 Valentin Rosier RB 14 0 (0) 2019-2020
0%
486 Valentín Viola LW 22 2 (1) 2012-2013
0%
454 Vitaliy Kutuzov ST 25 4 (0) 2002-2003
0%
625 Vladimir Stojkovic GK 11 0 (0) 2007-2008
0%
859 Wallyson DM 1 0 (0) 2014-2015
0%
714 Wason Rentería ST 6 0 (1) 2006-2007
0%
516 Weldon ST 20 5 (0) 2009-2011
0%
617 Wender LW 11 2 (0) 2005-2006
0%
361 Xandão CB 35 2 (0) 2011-2013
0%
505 Yannick Bolasie LW 21 2 (5) 2019-2020
0%
873 Yordan Osorio CB 1 0 (0) 2017-2018
0%
458 Zakaria Labyad AM 24 3 (3) 2012-2013
0%
722 Zezinho CM 5 0 (0) 2012-2013
0%
169 Zlatko Zahovic AM 90 18 (17) 2001-2005
0%
No matching quizzes found
Score Distribution
Percent of People with Each Score
Percentile by Number Answered
Your Score History
You have not taken this quiz